header

There's A Boy In The Girls Bathroom (Record no. 261773)

MARC details
000 -LEADER
fixed length control field 00251nam a22001097a 4500
020 ## - INTERNATIONAL STANDARD BOOK NUMBER
ISBN 0590590898
100 ## - MAIN ENTRY--AUTHOR NAME
Personal name Louis Sachar
245 ## - TITLE STATEMENT
Title There's A Boy In The Girls Bathroom
260 ## - PUBLICATION, DISTRIBUTION, ETC. (IMPRINT)
Place of publication New York
Name of publisher Scholastic
Year of publication 1987
300 ## - PHYSICAL DESCRIPTION
Number of Pages 195 pgs
942 ## - ADDED ENTRY ELEMENTS (KOHA)
Koha item type Long Loan Books
Holdings
Withdrawn status Lost status Collection code Home library Current library Shelving location Date acquired Accession Number Koha item type
    Fiction Rongo University Library Rongo University Library Children's Area 23/11/2023 CL2021998 Long Loan Books

© 2026 Rongo University
Contact us: librarian | system librarian | Rongo university